Scritti

Saved in:
書目詳細資料
主要作者: Ormando, Alfredo
格式: 圖書
語言:英语
標簽: 添加標簽
沒有標簽, 成為第一個標記此記錄!

MARC

LEADER 00000nam a2200000 4500
005 20240710183203.0
008 240710b |||||||| |||| 00| 0 eng d
040 |c GP 
100 |a Ormando, Alfredo 
245 |a Scritti 
942 |2 ddc  |c BK  |n 0 
952 |0 0  |1 0  |2 ddc  |4 0  |6 392_203000000000000_ORM  |7 1  |9 1606  |a RM  |b RM  |d 2024-07-10  |l 0  |o 392.203 ORM  |p 307  |r 2024-07-10 18:32:25  |w 2024-07-10  |y BK 
999 |c 1425  |d 1425